[Event "Nuremberg Zabo op 10th"]
[Site "Nuremberg"]
[Date "2008.09.21"]
[Round "4"]
[White "Gottsmann, Helmut"]
[Black "Mueller, Ludwig"]
[Result "0-1"]
[WhiteElo "1422"]
[BlackElo "1717"]
[PlyCount "58"]
[EventDate "2008.09.19"]
[EventType "swiss"]
[EventRounds "5"]
[EventCountry "GER"]
[SourceTitle "EXT 2012"]
[Source "ChessBase"]
[SourceDate "2011.11.24"]
[SourceVersion "1"]
[SourceVersionDate "2011.11.24"]
[SourceQuality "1"]

1. e4 b6 2. d4 Bb7 3. Nc3 e6 4. Nf3 Bb4 5. Bd3 Nf6 6. Qe2 c5 7. a3 cxd4 8. axb4 dxc3 9. bxc3 a5 10. 0-0 0-0 11. Bg5 h6 12. Bh4 d6 13. e5 dxe5 14. Nxe5 g5 15. Bg3 Nbd7 16. Rfb1 Nxe5 17. Bxe5 Qd5 18. f4 Nd7 19. c4 Qc6 20. Bd4 axb4 21. fxg5 hxg5 22. Re1 e5 23. Be4 Qxe4 24. Qxe4 Bxe4 25. Be3 Bxc2 26. Bxg5 b3 27. Rac1 f6 28. Be3 Nc5 29. Bxc5 bxc5 0-1

[Event "Nuremberg Zabo op 10th"]
[Site "Nuremberg"]
[Date "2008.09.19"]
[Round "1"]
[White "Seeger, Peter"]
[Black "Gottsmann, Helmut"]
[Result "1-0"]
[WhiteElo "1958"]
[BlackElo "1422"]
[PlyCount "49"]
[EventDate "2008.09.19"]
[EventType "swiss"]
[EventRounds "5"]
[EventCountry "GER"]
[SourceTitle "EXT 2012"]
[Source "ChessBase"]
[SourceDate "2011.11.24"]
[SourceVersion "1"]
[SourceVersionDate "2011.11.24"]
[SourceQuality "1"]

1. d4 Nf6 2. c4 e6 3. g3 d5 4. Nf3 c6 5. Bg2 Nbd7 6. 0-0 Be7 7. b3 0-0 8. Bb2 dxc4 9. bxc4 Re8 10. Nbd2 c5 11. e3 Rb8 12. a4 b6 13. Ne5 Nxe5 14. dxe5 Nd7 15. Qc2 Qc7 16. f4 Bb7 17. Bxb7 Qxb7 18. Ne4 Rbd8 19. Qg2 Qc7 20. Qf3 Rf8 21. Qg4 Qc6 22. Qf3 Kh8 23. Rf2 f5 24. Ng5 Bxg5 25. Qxc6 1-0